000 00781nam a2200181 i 4500
001 102036
003 ES-MaACL
005 20230906183032.0
007 t|
008 051102s1913 sp ||||1| spa d
245 0 0 _aMemoria relativa al primer período de su gestión, que presenta el Excmo. Sr. Ministro de Fomento /
_cJunta de Patronato de Ingenieros y Obreros Pensionados en el Extranjero.
260 _aMadrid :
_b[s.n.],
_c1913 (
_fSuc. de M. Minuesa de los Ríos)
300 _a187 p., 33 lám. :
_bil. ;
_c23 cm.
610 2 _aJunta de Pensiones de Ingenieros y Obreros en el Extranjero.
_9172461
650 4 _aTrabajadores-
_xFormación profesional.
_9164831
710 2 _aJunta de Pensiones de Ingenieros y Obreros en el Extranjero.
_9172461
852 _aES-MaACL
_jF-184
999 _c102036
_d102036